[Event "Mittelfrank Regionalliga Nord-Ost 2122"]
[Site "Mittelfranken"]
[Date "2021.11.14"]
[Round "2.6"]
[White "Volkovski, Reinhold"]
[Black "Hanisch, Friedrich"]
[Result "1/2-1/2"]
[WhiteElo "1874"]
[BlackElo "1975"]
[PlyCount "42"]
[EventDate "2021.10.24"]
[EventType "team-tourn"]
[EventRounds "9"]
[EventCountry "GER"]
[SourceTitle "EXT 2024"]
[Source "ChessBase"]
[SourceDate "2023.10.10"]
[SourceVersion "1"]
[SourceVersionDate "2023.10.10"]
[SourceQuality "1"]
[WhiteTeam "Nuernberg Noris Tarrasch III"]
[BlackTeam "Altensittenbach"]
[WhiteTeamCountry "GER"]
[BlackTeamCountry "GER"]

1. e4 c6 2. d3 d5 3. Nd2 e5 4. Ngf3 Bd6 5. g3 Nf6 6. Bg2 0-0 7. 0-0 Qc7 8. b3 Re8 9. h3 Nbd7 10. Bb2 Nf8 11. Qe2 Ng6 12. c4 dxe4 13. Nxe4 Nxe4 14. dxe4 Be6 15. Ng5 Rad8 16. Nxe6 Rxe6 17. Rfd1 Bc5 18. Rxd8+ Qxd8 19. Rd1 Rd6 20. Rxd6 Qxd6 21. Bf3 h6 1/2-1/2

[Event "Landesliga Nord 1819"]
[Site "Bayern"]
[Date "2018.11.11"]
[Round "2.7"]
[White "Zoeller, Bernd"]
[Black "Volkovski, Reinhold"]
[Result "1/2-1/2"]
[WhiteElo "1890"]
[BlackElo "1844"]
[PlyCount "29"]
[EventDate "2018.10.21"]
[EventType "team-tourn"]
[EventRounds "9"]
[EventCountry "GER"]
[SourceTitle "EXT 2022"]
[Source "ChessBase"]
[SourceDate "2021.10.06"]
[SourceVersion "1"]
[SourceVersionDate "2021.10.06"]
[SourceQuality "1"]
[WhiteTeam "Klingenberg"]
[BlackTeam "Nuernberg NT II"]
[WhiteTeamCountry "GER"]
[BlackTeamCountry "GER"]

1. d4 d6 2. e4 e5 3. dxe5 dxe5 4. Qxd8+ Kxd8 5. Bc4 f6 6. Be3 Nd7 7. Nc3 c6 8. 0-0-0 Kc7 9. Nge2 Nc5 10. f3 Be6 11. Bxe6 Nxe6 12. Rd2 b6 13. Rhd1 Rd8 14. Rxd8 Nxd8 15. g3 1/2-1/2

[Event "Bayernliga U20 1718"]
[Site "Bayern"]
[Date "2018.03.10"]
[Round "6.3"]
[White "Volkovski, Reinhold"]
[Black "Lohvinov, Petro"]
[Result "0-1"]
[WhiteElo "1802"]
[BlackElo "1923"]
[PlyCount "82"]
[EventDate "2017.11.18"]
[EventType "team-tourn"]
[EventRounds "7"]
[EventCountry "GER"]
[SourceTitle "EXT 2022"]
[Source "ChessBase"]
[SourceDate "2021.10.06"]
[SourceVersion "1"]
[SourceVersionDate "2021.10.06"]
[SourceQuality "1"]
[WhiteTeam "Nuernberg Noris Tarrasch U20"]
[BlackTeam "Muenchen Suedost U20"]
[WhiteTeamCountry "GER"]
[BlackTeamCountry "GER"]

1. e4 c5 2. c3 Nf6 3. d3 Nc6 4. Nf3 e6 5. Bg5 Be7 6. Nbd2 d6 7. Be2 0-0 8. 0-0 a6 9. Re1 Qc7 10. Rc1 d5 11. Qc2 b5 12. d4 Qb6 13. e5 Nd7 14. Qd3 h6 15. Bxe7 Nxe7 16. Nh4 Nc6 17. Nhf3 Bb7 18. a3 Rac8 19. b4 c4 20. Qc2 a5 21. Nh4 Ra8 22. Ra1 Ra7 23. Reb1 axb4 24. axb4 Rxa1 25. Rxa1 Nxd4 26. cxd4 Qxd4 27. Ra5 Qxh4 28. Rxb5 Bc6 29. Ra5 Nxe5 30. b5 Ra8 31. Qc3 d4 32. bxc6 dxc3 33. Rxa8+ Kh7 34. c7 c2 35. Nb3 cxb3 36. c8Q Qf4 37. Ra1 Qd2 38. Qc5 b2 39. Rf1 c1R 40. Qxe5 Rxf1+ 41. Bxf1 b1Q 0-1

[Event "Bayernliga U20 1718"]
[Site "Bayern"]
[Date "2018.01.27"]
[Round "4.3"]
[White "Volkovski, Reinhold"]
[Black "Klenk, Sofie"]
[Result "1/2-1/2"]
[WhiteElo "1802"]
[BlackElo "1800"]
[PlyCount "74"]
[EventDate "2017.11.18"]
[EventType "team-tourn"]
[EventRounds "7"]
[EventCountry "GER"]
[SourceTitle "EXT 2022"]
[Source "ChessBase"]
[SourceDate "2021.10.06"]
[SourceVersion "1"]
[SourceVersionDate "2021.10.06"]
[SourceQuality "1"]
[WhiteTeam "Nuernberg Noris Tarrasch U20"]
[BlackTeam "Augsburg SF U20"]
[WhiteTeamCountry "GER"]
[BlackTeamCountry "GER"]

1. e4 c5 2. d3 Nc6 3. Nf3 g6 4. c3 e5 5. Be2 Bg7 6. Na3 Nge7 7. Bg5 h6 8. Bh4 g5 9. Bg3 Ng6 10. h3 d6 11. Nc4 Nf4 12. Ne3 Be6 13. Nh2 Ne7 14. Bh5 Qb6 15. b3 Qa5 16. Kd2 b5 17. Bf3 h5 18. Nhf1 Rc8 19. a4 Nc6 20. axb5 Qxb5 21. Nc4 Bxc4 22. dxc4 Qb6 23. Kc2 Na5 24. Ra3 Rb8 25. Nd2 h4 26. Qa1 Nc6 27. Ra6 Qc7 28. Qa4 Rb6 29. Rxb6 axb6 30. Bxf4 gxf4 31. Bg4 Ke7 32. Ra1 Rb8 33. Qb5 Na7 34. Qa6 Nc6 35. Qb5 Na7 36. Qa6 Nc6 37. Qb5 Na7 1/2-1/2

[Event "Mittelfranken-chTB1 1718"]
[Site "Mittelfranken"]
[Date "2017.10.08"]
[Round "1.7"]
[White "Hildner, Karl Josef"]
[Black "Volkovski, Reinhold"]
[Result "0-1"]
[WhiteElo "1740"]
[BlackElo "1802"]
[PlyCount "84"]
[EventDate "2017.10.08"]
[EventType "team-tourn"]
[EventRounds "9"]
[EventCountry "GER"]
[SourceTitle "EXT 2022"]
[Source "ChessBase"]
[SourceDate "2021.10.06"]
[SourceVersion "1"]
[SourceVersionDate "2021.10.06"]
[SourceQuality "1"]
[WhiteTeam "Erlangen Siemens"]
[BlackTeam "Nuernberg Noris Tarrasch III"]
[WhiteTeamCountry "GER"]
[BlackTeamCountry "GER"]

1. e4 d6 2. d4 Nf6 3. Nc3 g6 4. f4 Bg7 5. Nf3 c6 6. Be2 Bg4 7. Be3 0-0 8. 0-0 Qc7 9. Kh1 Nbd7 10. Qd2 Bxf3 11. Bxf3 Rad8 12. f5 e5 13. fxe6 fxe6 14. Rae1 e5 15. d5 c5 16. b4 a6 17. bxc5 Nxc5 18. Rb1 b6 19. Bxc5 bxc5 20. Na4 Rb8 21. Nb2 Nxe4 22. Qd3 Nf6 23. Nc4 Rxb1 24. Rxb1 Rb8 25. Nd2 Rxb1+ 26. Nxb1 Qa5 27. c3 Qxa2 28. h3 Qa4 29. Nd2 e4 30. Nxe4 Nxe4 31. Bxe4 Bxc3 32. Bxg6 Qa1+ 33. Kh2 Be5+ 34. g3 Qb2+ 35. Kh1 Qc1+ 36. Kg2 c4 37. Bxh7+ Kh8 38. Qc2 Qe3 39. Qg6 Qd2+ 40. Kf1 Qd1+ 41. Kg2 Qxd5+ 42. Kf1 Qf3+ 0-1

[Event "Mittelfranken-chTB1 1617"]
[Site "Mittelfranken"]
[Date "2016.11.13"]
[Round "2.7"]
[White "Shen, Julian"]
[Black "Volkovski, Reinhold"]
[Result "1/2-1/2"]
[WhiteElo "1839"]
[BlackElo "1815"]
[PlyCount "59"]
[EventDate "2016.10.23"]
[EventType "team-tourn"]
[EventRounds "9"]
[EventCountry "GER"]
[SourceTitle "EXT 2022"]
[Source "ChessBase"]
[SourceDate "2021.10.06"]
[SourceVersion "1"]
[SourceVersionDate "2021.10.06"]
[SourceQuality "1"]
[WhiteTeam "Rothenburg"]
[BlackTeam "Nuernberg Noris Tarrasch III"]
[WhiteTeamCountry "GER"]
[BlackTeamCountry "GER"]

1. e4 d6 2. d4 Nf6 3. Nc3 g6 4. f4 Bg7 5. Nf3 c6 6. Bd3 Qc7 7. 0-0 0-0 8. a4 a5 9. e5 Nd5 10. Nxd5 cxd5 11. c3 e6 12. Qe1 f5 13. Qh4 Nc6 14. Ng5 h6 15. Nf3 Rd8 16. Kh1 Qe7 17. Qg3 Qf7 18. Nh4 Kh7 19. Rg1 dxe5 20. dxe5 Bd7 21. Be3 Bf8 22. Qf2 Be7 23. Nf3 Rg8 24. g4 Rg7 25. g5 h5 26. h4 Rgg8 27. Nd2 Rgc8 28. Nb3 Be8 29. Nc5 Bf8 30. Rgb1 1/2-1/2

[Event "Nuremberg Zabo op 18th"]
[Site "Nuremberg"]
[Date "2016.09.17"]
[Round "3"]
[White "Lehmann, Tornalf"]
[Black "Volkovski, Reinhold"]
[Result "1/2-1/2"]
[WhiteElo "1557"]
[BlackElo "1784"]
[PlyCount "69"]
[EventDate "2016.09.16"]
[EventType "swiss"]
[EventRounds "5"]
[EventCountry "GER"]
[SourceTitle "EXT 2018"]
[Source "ChessBase"]
[SourceDate "2017.10.13"]
[SourceVersion "1"]
[SourceVersionDate "2017.10.13"]
[SourceQuality "1"]

1. e4 d6 2. d4 Nf6 3. Nc3 g6 4. f4 Bg7 5. Nf3 c6 6. Bd3 Qc7 7. 0-0 0-0 8. e5 Nfd7 9. Be3 Nb6 10. Rc1 Be6 11. b3 Bg4 12. h3 Bxf3 13. Rxf3 N8d7 14. Ne2 Rac8 15. c4 c5 16. exd6 exd6 17. d5 Rce8 18. Rc2 Re7 19. Bf2 Nf6 20. Ng3 Rfe8 21. Re2 Rxe2 22. Bxe2 Re7 23. Bd3 Qd8 24. Re3 Rxe3 25. Bxe3 Qe8 26. Qf3 Nbd7 27. Bd2 Qe7 28. a3 b6 29. b4 Kf8 30. Kf2 a6 31. Qe2 Qxe2+ 32. Bxe2 Ke7 33. Bf3 Bh6 34. Be3 Bg7 35. Bc1 1/2-1/2

[Event "Landesliga U20 Nord 1516"]
[Site "Bayern"]
[Date "2016.01.23"]
[Round "4.3"]
[White "Oberhofer, Marie"]
[Black "Volkovski, Reinhold"]
[Result "1/2-1/2"]
[WhiteElo "1606"]
[BlackElo "1784"]
[PlyCount "34"]
[EventDate "2015.11.21"]
[EventType "team-tourn"]
[EventRounds "7"]
[EventCountry "GER"]
[SourceTitle "EXT 2022"]
[Source "ChessBase"]
[SourceDate "2021.10.06"]
[SourceVersion "1"]
[SourceVersionDate "2021.10.06"]
[SourceQuality "1"]
[WhiteTeam "Bavaria Regensburg U20"]
[BlackTeam "Nuernberg Noris Tarrasch U20"]
[WhiteTeamCountry "GER"]
[BlackTeamCountry "GER"]

1. e4 d6 2. d4 Nf6 3. Nc3 g6 4. f4 Bg7 5. Nf3 c6 6. Be3 Qc7 7. Qd2 0-0 8. 0-0-0 b5 9. e5 Ng4 10. Bg1 h5 11. h3 Nh6 12. Be3 f5 13. Bd3 d5 14. Qf2 Be6 15. Nh4 Bf7 16. Rdg1 e6 17. Be2 Kh7 1/2-1/2

[Event "Landesliga U20 Nord 1516"]
[Site "Bayern"]
[Date "2015.12.19"]
[Round "2.3"]
[White "Loew, Leonid"]
[Black "Volkovski, Reinhold"]
[Result "1/2-1/2"]
[WhiteElo "1291"]
[BlackElo "1784"]
[PlyCount "88"]
[EventDate "2015.11.21"]
[EventType "team-tourn"]
[EventRounds "7"]
[EventCountry "GER"]
[SourceTitle "EXT 2022"]
[Source "ChessBase"]
[SourceDate "2021.10.06"]
[SourceVersion "1"]
[SourceVersionDate "2021.10.06"]
[SourceQuality "1"]
[WhiteTeam "Allersberger SC U20"]
[BlackTeam "Nuernberg Noris Tarrasch U20"]
[WhiteTeamCountry "GER"]
[BlackTeamCountry "GER"]

1. e4 d6 2. d4 Nf6 3. Nc3 g6 4. Nf3 Bg7 5. Bc4 c6 6. Bf4 0-0 7. e5 Nh5 8. Bg5 d5 9. Bd3 f6 10. Be3 fxe5 11. Nxe5 Bxe5 12. dxe5 Qc7 13. Bh6 Rf7 14. Qe2 Nf4 15. Bxf4 Rxf4 16. Qe3 Rg4 17. 0-0 d4 18. Bc4+ e6 19. Qh3 h5 20. f3 dxc3 21. fxg4 cxb2 22. Rab1 Qxe5 23. Bb3 Qd4+ 24. Kh1 Qxg4 25. Qxg4 hxg4 26. Rfd1 Bd7 27. Rxb2 Kf8 28. Rd4 g3 29. h3 Ke7 30. Rg4 Be8 31. c3 Na6 32. Re2 Nc5 33. Rxg3 Rd8 34. Rge3 Bf7 35. Kg1 Rd3 36. Rxd3 Nxd3 37. Rd2 Nc5 38. Rd4 Ke8 39. Kf2 Ke7 40. Ke3 a5 41. Bc2 Nd7 42. Rg4 Kf6 43. Rf4+ Ke7 44. a3 Nb6 1/2-1/2

[Event "Landesliga U20 Nord 1516"]
[Site "Bayern"]
[Date "2015.12.19"]
[Round "3.4"]
[White "Thorwarth, Paul"]
[Black "Volkovski, Reinhold"]
[Result "0-1"]
[WhiteElo "1334"]
[BlackElo "1784"]
[PlyCount "88"]
[EventDate "2015.11.21"]
[EventType "team-tourn"]
[EventRounds "7"]
[EventCountry "GER"]
[SourceTitle "EXT 2022"]
[Source "ChessBase"]
[SourceDate "2021.10.06"]
[SourceVersion "1"]
[SourceVersionDate "2021.10.06"]
[SourceQuality "1"]
[WhiteTeam "Augsburg SF U20"]
[BlackTeam "Nuernberg Noris Tarrasch U20"]
[WhiteTeamCountry "GER"]
[BlackTeamCountry "GER"]

1. e4 d6 2. d4 Nf6 3. Bd3 g6 4. c4 Bg7 5. Nc3 c6 6. Nge2 e5 7. d5 c5 8. 0-0 0-0 9. f4 Bg4 10. h3 Bxe2 11. Qxe2 Nh5 12. Qg4 a6 13. f5 Qe7 14. Bg5 Bf6 15. fxg6 fxg6 16. Bh6 Re8 17. Qe6+ Qxe6 18. dxe6 Bg7 19. Bxg7 Nxg7 20. Nd5 Nxe6 21. Nf6+ Kf7 22. Nxe8+ Kxe8 23. Rf6 Ke7 24. Raf1 Nf4 25. R6xf4 exf4 26. Rxf4 Nc6 27. a3 Rf8 28. Rxf8 Kxf8 29. Kf2 Ke7 30. Ke3 Kf6 31. h4 h6 32. g4 g5 33. h5 Ke5 34. Be2 Nd4 35. Bd1 b5 36. b3 b4 37. axb4 cxb4 38. Kd3 Ne6 39. Ke3 a5 40. Bc2 Nc5 41. Kf3 Kd4 42. Bd1 Nxe4 43. Bc2 Nd2+ 44. Ke2 Kc3 0-1

[Event "Forchheim op-B 13th"]
[Site "Forchheim"]
[Date "2014.10.05"]
[Round "5"]
[White "Volkovski, Reinhold"]
[Black "Gebhardt, Christian"]
[Result "1/2-1/2"]
[WhiteElo "1726"]
[BlackElo "1845"]
[PlyCount "41"]
[EventDate "2014.10.03"]
[EventType "swiss"]
[EventRounds "5"]
[EventCountry "GER"]
[SourceTitle "EXT 2019"]
[Source "ChessBase"]
[SourceDate "2018.10.10"]
[SourceVersion "1"]
[SourceVersionDate "2018.10.10"]
[SourceQuality "1"]

1. e4 e6 2. d3 d5 3. Nd2 Nf6 4. c3 Be7 5. Ngf3 0-0 6. Be2 b6 7. Qc2 Ba6 8. 0-0 c5 9. Re1 Nc6 10. Nf1 Qc7 11. Bd2 Rfd8 12. Rad1 Rd7 13. Bc1 Rad8 14. Ng3 dxe4 15. dxe4 Bxe2 16. Qxe2 Rxd1 17. Rxd1 Rxd1+ 18. Qxd1 Qd6 19. Qe2 Nd7 20. Qd2 c4 21. Nd4 1/2-1/2

[Event "Forchheim op-B 13th"]
[Site "Forchheim"]
[Date "2014.10.03"]
[Round "2"]
[White "Volkovski, Reinhold"]
[Black "Schloetterer, Hermann"]
[Result "1-0"]
[WhiteElo "1726"]
[BlackElo "1915"]
[PlyCount "83"]
[EventDate "2014.10.03"]
[EventType "swiss"]
[EventRounds "5"]
[EventCountry "GER"]
[SourceTitle "EXT 2019"]
[Source "ChessBase"]
[SourceDate "2018.10.10"]
[SourceVersion "1"]
[SourceVersionDate "2018.10.10"]
[SourceQuality "1"]

1. e4 d5 2. exd5 Qxd5 3. Nf3 Nf6 4. Be2 Bf5 5. Nc3 Qd6 6. d3 e6 7. Be3 Ng4 8. Qd2 Nxe3 9. fxe3 Be7 10. 0-0 Nc6 11. Rad1 g5 12. Kh1 g4 13. Nb5 Qd7 14. Nfd4 0-0-0 15. Nxc6 bxc6 16. Nd4 h5 17. Qa5 Bg6 18. Qa6+ Kb8 19. Nxc6+ Qxc6 20. Qxc6 Rd6 21. Qc3 Rhd8 22. b3 Bg5 23. d4 f5 24. Qd3 Be8 25. c4 Bc6 26. Qc3 h4 27. Rfe1 Ka8 28. c5 R6d7 29. a4 h3 30. Bf1 Rh7 31. Kg1 g3 32. hxg3 h2+ 33. Kh1 Rh3 34. e4 Rh7 35. exf5 exf5 36. Bb5 Bd5 37. Re8 Rxe8 38. Bxe8 Re7 39. Re1 Rg7 40. c6 Be7 41. Rxe7 Rxe7 42. Qb4 1-0